MDQL
is popping MORE tags! Check the
thread
!
Quizzes
Events
Quiz Creation
Community
Videos
Private Events
Remove Ads
Sign In
Join for FREE
Feedback
Dark Mode
Quiz Categories
Sports
Geography
Music
Movies
Television
Just For Fun
Miscellaneous
History
Literature
Language
Science
Gaming
Entertainment
Religion
Holiday
For Kids
Quiz Lab
Recent
Popular Today
Quiz Kudos Today
Editor Picks
Curator Picks
Quizzes by...
Day
Popularity
Type
Ratings
Length
Year
Community
Subscriptions
Recent Discussions
Orange Saloon
Badges
Playlists
Quests
Create
Leaderboards
Showdown
Live 5
Trivia Bingo
Activity
Puzzle Library
Sporcle Events
Private Events
Virtual Trivia
Globe League
Become a Host
Pub Owners
SporcleCon
Opinionation
Our Games
Videos
Blog
Mobile Apps
Partnerships
Remove Ads and Go Orange
Feedback
Music
Pop Music
The Beatles
Song
Album
Lyrics
Bands
Singers
Artist
Clip
Rock
Rap
Classical
Billboard
Country Music
Kpop
Taylor Swift
Music
Pop Music
The Beatles
Song
Album
Lyrics
Bands
Singers
Artist
Clip
Rock
Rap
Classical
Billboard
Country Music
Kpop
Taylor Swift
Random Quiz
Search Sporcle
×
Quiz Lab
Quiz Lab
Music
Latin
Type in answers that appear in a list
Type in answers that appear in a list
Classic
Best Score? Go Orange.
2016 Grammy Nominees in Latin Stats
Can you name the 2016 Grammy Nominees in Latin?
By
steve_jacobs
5m
15 Questions
24 Plays
24 Plays
24 Plays
Comments
Comments
Give Quiz Kudos
Give Quiz Kudos
-
- Ratings
hide this ad
More Info
Random Order
Randomize order of answers
Randomize order of answers
Replay
Link that replays current quiz
Next Quiz
Link to next quiz in quiz playlist
You Got
0%
They Got
Avg Score
19%
Avg Friend Score
Upgrade to see
Score Distribution
Jump to the score distribution portion of the page
Score
0/15
Timer
05:00
0
Plays Today
In Latin
Nominee
% Correct
MCMLXXXIX
1989
70.8%
Gloria
Glory
62.5%
Sonus Et Color
Sound and Color
45.8%
Spatium
Blank Space
25%
Leno Ad Papilionem
To Pimp a Butterfly
20.8%
Magna Cogitans
Thinking Out Loud
12.5%
Quem Scandalum
Trap Queen
12.5%
Quod Genus Hominum
What Kind of Man
8.3%
In Latin
Nominee
% Correct
Non Vis Ad Pugnam
Don't Wanna Fight
8.3%
Tota Die
All Day
8.3%
Te Videre
See You Again
4.2%
Diligeretis Utique Et Me Sicut Et Te
Love Me Like You Do
4.2%
In Umbra Noctis
Shadows in the Night
4.2%
Si Legere Sero
If You're Reading This It's Too Late
4.2%
Puella Conteret
Girl Crush
4.2%
Quiz Playlist
Details
Report
Send in Message
Add To Playlist
More Info:
Can you translate these Grammy nominees from Latin? * Please note: nominees may have been nominated in multiple categories.
Classic:
Type in answers that appear in a list
Random Order:
Randomize order of answers
Last Updated: Feb 16, 2017
Quiz Scoreboard
CHALLENGE
Sign Up to Join the Scoreboard
Show All
Scores
Hide
Comments
May contain spoilers
Recently Published
Two Season TV Shows II
by 123Four
Television
10m
Image Sorting: Flags VI
by Barbecue
Geography
2m
Find the 'City' Movie
by crazypaving
Movies
60s
More to Explore
Quiz From the Vault
Featured Blog Post
14 Easter Pick-up Lines to Find Eggs With
hide this ad
You Might Also Like...
Tags
Latin Quiz
2016
Grammy
Grammy Nominees
Today's Top Quizzes in Music
Browse Music
hide this ad
Today's Top Quizzes in Latin
Browse Latin
Top Contributed Quizzes in Music
1
5X2 Blitz: Bands II
2
5X2 Blitz: The Beatles
3
Taylor Swift All Songs (2024)
4
5X2 Blitz: Billboard
5
5X2 Blitz: Billboard II
6
5X2 Blitz: Album
7
5X2 Blitz: Rock
8
5X2 Blitz: Singers
9
Music Artist by Three 2010s hits
10
5X2 Blitz: Lyrics
Explore More
Trending Topics
Harry Potter
Disney
Marvel
Crossword
NBA
Anime
Kpop
Country
WWE
Puzzle
Song
The Office
NFL
Pokémon
Soccer
hide this ad
More By:
steve_jacobs
Quiz
Plays
Rating
Category
Featured
Created
Quick Pick: History Jokes
14,819
4.53
Just For Fun
Sep 7, 2016
Quick Pick: Element Jokes
4,204
4.57
Just For Fun
Sep 8, 2016
Quick Pick: Religion Jokes
3,163
4.73
Religion
Sep 8, 2016
Blockbusters Without Popcorn
1,911
3.49
Movies
Apr 30, 2015
Quick Pick: Broadway Jokes
1,548
4.56
Entertainment
Sep 8, 2016
Go to Creator's Profile
Score Distribution
Quiz Creator Spotlight
steve_jacobs
Follow
Send a Message
Quizzes Created
-
Created Quiz Play Count
-
More By This Creator
Popular Quizzes Today
1
Colored Red Africa Blitz
2
Find the US States - No Outlines Minefield
3
Find the 'City' Movie
4
5x2 Blitz: Bands
5
The Countries of the World
6
Find the US States
7
Find the Countries of Europe - No Outlines Minefield
8
US States
More Music Quizzes
Imagine Dragons x JID - Enemy Lyrics
Quiz Lab
Trending Quizzes
Colored Red Europe Blitz I
Colored Red Africa Blitz II
Colored Red Europe Blitz II
Colored Red Africa Blitz III
Colored Red Europe Blitz III
Recently Updated
How Do You Spell That?
pecheneg
Godzilla Movies
pecheneg
Grab Bag: 4-10 Letters
pecheneg
2024 March Madness Bracket
pecheneg
Famous TV Couples
Peacemaker
Champions League XIs: Real Madrid
pecheneg
Largest US Cities 1790-2010
pecheneg
Rides in Walt Disney World
pecheneg
Most Oscar Losses (Acting)
pecheneg
Beyoncé Albums
pecheneg
Trending Topics
Harry Potter
Kpop
Disney
Crossword
NBA
Marvel
Anime
The Office
Puzzle
Country
NFL
Pokémon
WWE
Soccer
Song
Your Account Isn't Verified!
In order to create a playlist on Sporcle, you need to verify the email address you used during registration. Go to your
Sporcle Settings
to finish the process.
Report this User
Report this user for behavior that violates our
Community Guidelines
.
Details:
Send Report
Go to the Sporcle.com Mobile Site →
Comments